Online
Catalog

Catálogo de pasajeros a Indias : (Record no. 34047)

MARC details
000 -CABECERA
campo de control de longitud fija 00818nam a2200193 a 4500
001 - NÚMERO DE CONTROL
campo de control 000034556
005 - FECHA Y HORA DE LA ÚLTIMA TRANSACCIÓN
campo de control 20200930073750.0
008 - DATOS DE LONGITUD FIJA--INFORMACIÓN GENERAL
campo de control de longitud fija 111006s19401942sp a 000 0 spa d
040 ## - FUENTE DE LA CATALOGACIÓN
Centro catalogador/agencia de origen DO-SdBNP
Lengua de catalogación spa
Centro/agencia transcriptor BNPHU
082 ## - NÚMERO DE LA CLASIFICACIÓN DECIMAL DEWEY
Número de clasificación xxxx
Número de documento/Ítem C365
245 00 - MENCIÓN DE TÍTULO
Título Catálogo de pasajeros a Indias :
Resto del título durrante los siglos XVl, XVll y XVlll /
Mención de responsabilidad, etc. don Cristobal Bermúdez Plata ; prólogo El Duque de Alba.
260 ## - PUBLICACIÓN, DISTRIBUCIÓN, ETC.
Lugar de publicación, distribución, etc. Sevilla :
Nombre del editor, distribuidor, etc. Imprenta Editorial de la Gavidia,
Fecha de publicación, distribución, etc. 1940 - 1942.
300 ## - DESCRIPCIÓN FÍSICA
Extensión 2 v. :
Otras características físicas il. ;
Dimensiones 22 cm.
505 0# - NOTA DE CONTENIDO CON FORMATO
Información miscelánea v. 1. (1509-1534) --
-- v. ll. (1535-1538)
700 1# - PUNTO DE ACCESO ADICIONAL--NOMBRE DE PERSONA
Nombre de persona Alba, Fernando Álvarez de Toledo,
Títulos y otros términos asociados al nombre duque de,
Fechas asociadas al nombre 1507-1582.
Término indicativo de función/relación pról.
9 (RLIN) 59990
710 2# - PUNTO DE ACCESO ADICIONAL--NOMBRE DE ENTIDAD CORPORATIVA
Nombre de entidad corporativa o nombre de jurisdicción como elemento de entrada Consejo Superior de Investigaciones Científicas
9 (RLIN) 4786
710 2# - PUNTO DE ACCESO ADICIONAL--NOMBRE DE ENTIDAD CORPORATIVA
Nombre de entidad corporativa o nombre de jurisdicción como elemento de entrada Patronato Menéndez y Pelayo
9 (RLIN) 59991
710 2# - PUNTO DE ACCESO ADICIONAL--NOMBRE DE ENTIDAD CORPORATIVA
Nombre de entidad corporativa o nombre de jurisdicción como elemento de entrada Instituto Gonzalo Fernández de Oviedo
9 (RLIN) 59992
Holdings
Estado de retiro Estado de pérdida Restricciones de uso No para préstamo Código de colección Localización permanente Ubicación/localización actual Ubicación en estantería Fecha de adquisición Número de inventario Total de préstamos Signatura topográfica completa Código de barras Fecha visto por última vez Precio válido a partir de Tipo de ítem Koha
      Excluido de préstamo Monografías: Libros y Folletos General General En catalogación 06.10.2011 LF1   v. 1 34556-10 25.06.2020 25.06.2020 No se presta
      Excluido de préstamo Monografías: Libros y Folletos General General En catalogación 06.10.2011 LF1   v. 2 34556-20 25.06.2020 25.06.2020 No se presta

Powered by Koha